Effectif Nouvelle-Zélande - Coupe du monde 2026 - Statistiques

Statistiques générales
  • Ce quiz a été pris 4 fois
  • Le résultat moyen est 3 sur 27
Statistiques - réponses
Poste Club Numéro Joueur % Correct
Attaquant Nottingham Forest 9 Chris Wood
100%
Attaquant AS Saint-Etienne 19 Ben Old
50%
Défenseur Minnesota United FC 5 Michael Boxall
25%
Gardien Auckland FC 22 Michael Woud
25%
Attaquant Wellington Phoenix 10 Sarpreet Singh
25%
Défenseur Braintree Town 26 Tommy Smith
25%
Gardien Lechia Gdansk 12 Alex Paulsen
0%
Milieu Wellington Phoenix 14 Alex Rufer
0%
Attaquant Port Vale FC 18 Ben Waine
0%
Défenseur Auckland FC 24 Callan Elliot
0%
Attaquant Silkeborg IF 20 Callum McCowatt
0%
Sélectionneur - - Darren Bazeley
0%
Attaquant Motherwell FC 11 Eli Just
0%
Défenseur Portland Timbers 16 Finn Surman
0%
Défenseur Auckland FC 3 Francis de Vries
0%
Attaquant Auckland FC 21 Jesse Randall
0%
Milieu Viking FK 6 Joe Bell
0%
Attaquant Western Sydney Wanderers 17 Kosta Barbarouses
0%
Milieu Newcastle United Jets 25 Lachlan Bayliss
0%
Défenseur Wrexham AFC 13 Liberato Cacace
0%
Milieu Swansea City 8 Marko Stamenic
0%
Attaquant Peterborough United 7 Matt Garbett
0%
Gardien FC Millwall 1 Max Crocombe
0%
Défenseur Auckland FC 15 Nando Pijnaker
0%
Milieu PEC Zwolle 23 Ryan Thomas
0%
Défenseur Wellington Phoenix 2 Tim Payne
0%
Défenseur Sheffield United 4 Tyler Bindon
0%
Aucun quiz correspondant
Distribution des résultats
% des personnes avec chaque résultat
Percentile par nombre de réponses
Votre historique - résultats
Vous n’avez pas pris ce quiz